| 000 | 00851cab a2200229 4500 | ||
|---|---|---|---|
| 001 | ABS46380 | ||
| 008 | 090401t1992 xxu||||| |||| 00| 0 eng d | ||
| 035 | _a(Sirsi) u58008 | ||
| 041 | _aeng | ||
| 100 | _aMassey, D. | ||
| 245 | _aEvaluating science parks | ||
| 260 | _c1992 | ||
| 350 | _a0 | ||
| 490 |
_aLocal Economy _v7(1) May 1992, 10-25(8) |
||
| 520 | _aPropounds the view that science parks, far from encouraging the flow of academic science research to `high tech` industries near the campus, are actually inappropriate and that the way they are perceived breeds social and geographical division. It presents an alternative conceptual model to analyse development policy. | ||
| 650 | _aSCIENCE PARKS | ||
| 650 | _aTECHNOLOGY TRANSFER | ||
| 690 | _aECONOMIC AND SOCIAL | ||
| 700 | _aWield, D. | ||
| 942 | _n0 | ||
| 948 | _c04/03/1997 | ||
| 999 |
_c35396 _d35396 |
||